LDR 00971naa#a2200229#i#450# 001 EN\\bibl\111280 005 20260415041708.3 011 ## _a2073-0462 100 ## _a20251230b2025####ek#y0engy0150####ca 101 0# _aRUS 102 ## _aRU 200 1# _aEXPERIMENTAL STUDIES OF MOBILE POWER VEHICLE OF 0.6 TRACTION CLASS WITH AN AUTONOMOUS ELECTRIC DRIVE _eJournal article 210 1# _aKazan _cKazan state agrarian University _d2025 215 ## _a7 с. 608 ## _aJournal article _2local 675 ## _aс комбинированным (смешанным) питанием, например транспортные средства с питанием от верхней сети, от аккумуляторов и от дизельгенераторов. 62-838 _zRUS 700 #1 _aGodzhaev _gZ. A. 700 #1 _aSen'kevich _gS. E. 700 #1 _aAlekseev _gIl'ya Sergeevich 700 #1 _aMaystrenko _gNikolay Aleksandrovich 700 #1 _aUyutov _gSergey Yur'evich 856 4# _anaukaru.ru _u